Statystyki dla Węzły na płatnym odcinku A1

Kliknij tutaj aby rozwiązać quiz!

Ogólne statystyki

  • Ten quiz został rozwiązany 27 razy
  • Średni wynik to 5 z 12

Statystyki odpowiedzi

Węzeł% Poprawnych
Grudziądz
64%
Nowa Wieś
55%
Nowe Marzy
55%
Rusocin
55%
Swarożyn
41%
Lisewo
36%
Lubicz
36%
Warlubie
36%
Pelplin
32%
Stanisławie
32%
Kopytkowo
27%
Turzno
23%

Rozkład punktacji

Percentyl według liczby udzielonych odpowiedzi

Procent ludzi z każdym wynikiem

Twoja historia wyników

Nie rozwiązałeś tego quizu